Procedimientos informáticos en sistemas empresariales (Registro nro. 2543)

Detalles MARC
000 -LEADER
fixed length control field 01153 a2200229 4500
001 - CONTROL NUMBER
control field 35102
005 - DATE AND TIME OF LATEST TRANSACTION
control field 20260407155635.0
008 - FIXED-LENGTH DATA ELEMENTS--GENERAL INFORMATION
fixed length control field 260407a1973 arg spa d
003 - CONTROL NUMBER IDENTIFIER
control field AR-UNSa-BCEJYS
040 ## - CATALOGING SOURCE
Original cataloging agency AR-UNSa-BCEJYS
Language of cataloging spa
Transcribing agency AR-UNSa-BCEJYS
080 ## - UNIVERSAL DECIMAL CLASSIFICATION NUMBER
Universal Decimal Classification number 658.011.56
Common auxiliary subdivision Automatización
100 1# - MAIN ENTRY--PERSONAL NAME
Personal name Clark, Frank J.
245 10 - TITLE STATEMENT
Title Procedimientos informáticos en sistemas empresariales
264 #1 - PRODUCTION, PUBLICATION, DISTRIBUTION, MANUFACTURE, AND COPYRIGHT NOTICE
Place of production, publication, distribution, manufacture Bogotá :
Name of producer, publisher, distributor, manufacturer Prentice/Hall Internacional
Date of production, publication, distribution, manufacture, or copyright notice 1973
300 ## - PHYSICAL DESCRIPTION
Extent 303 p.
Dimensions 23 cm.
505 ## - FORMATTED CONTENTS NOTE
Formatted contents note 1. Historia y desarrollo - 2. Naturaleza y alcances de una empresa comercial - 3. Comunicaciones - 4. Diseño y control de formularios - 5. Registros y archivos - 6. Informes - 7. Documentación - 8. Naturaleza y alcances de la instalación de procesamiento electronico - 9. El papel del analista de sistemas - 10. Recopilación de información - 11. Planificación y control - 12. Conceptos sobre diseño de sistemas - 13. Presentación - instalación - implementación - 14. Cronologia de redes.
590 ## - LOCAL NOTE (RLIN)
Local note niveau_biblio:m niveau_hierar:0
700 1# - ADDED ENTRY--PERSONAL NAME
Personal name Gale, Ronald
700 1# - ADDED ENTRY--PERSONAL NAME
Personal name Fabian- Frankel, Bartolome
700 1# - ADDED ENTRY--PERSONAL NAME
Personal name Gray, Robert
942 ## - ADDED ENTRY ELEMENTS (KOHA)
Koha item type
Existencias
Withdrawn status Lost status Damaged status Not for loan Home library Current library Shelving location Date acquired Total checkouts Full call number Barcode Date last seen Price effective from Koha item type
        Biblioteca Prof. Eusebio Cleto del Rey Biblioteca Prof. Eusebio Cleto del Rey   07/04/2026   658.011.56 C592 L25847 07/04/2026 07/04/2026 Libro
        Biblioteca Prof. Eusebio Cleto del Rey Biblioteca Prof. Eusebio Cleto del Rey   07/04/2026   658.011.56 C592 L25846 07/04/2026 07/04/2026 Libro